Asbestos and its implications for members and their clients (Record no. 101503)

MARC details
000 -LEADER
fixed length control field 02050cam a2200265 4500
008 - FIXED-LENGTH DATA ELEMENTS--GENERAL INFORMATION
fixed length control field 000000n2003 000 0 eng u
020 ## - INTERNATIONAL STANDARD BOOK NUMBER
International Standard Book Number 1842190636
035 ## - SYSTEM CONTROL NUMBER
System control number (Sirsi) u113055
041 #0 - LANGUAGE CODE
Language code of text/sound track or separate title eng
050 04 - LIBRARY OF CONGRESS CALL NUMBER
Classification number 549.66 $2 18
110 2# - MAIN ENTRY--CORPORATE NAME
Corporate name or jurisdiction name as entry element Royal Institution of Chartered Surveyors
9 (RLIN) 4900
245 00 - TITLE STATEMENT
Title Asbestos and its implications for members and their clients
Remainder of title RICS guidance note
Medium [old edition]
260 ## - PUBLICATION, DISTRIBUTION, ETC.
Place of publication, distribution, etc. London
Name of publisher, distributor, etc. RICS
Date of publication, distribution, etc. 2003
300 ## - PHYSICAL DESCRIPTION
Extent ix, 97p.
Dimensions 30cm.
350 ## - PRICE (NR) (BK AM CF MU VM SE) [OBSOLETE]
Price 30
490 #0 - SERIES STATEMENT
Series statement RICS Guidance Note
505 2# - FORMATTED CONTENTS NOTE
Formatted contents note Risk to RICS members -- Surveyors' responsibilities -- Responsibility of others (employer, landlord, tenant, occupant) -- Services offered by surveyors -- Limitations and exclusions -- Insurance -- Asbestos inspection -- Sampling asbestos -- Management plan -- Types of property -- Asbestos removal -- Health issues and risks arising from asbestos -- Extent of Asbestos-Containing Materials (ACMs) -- Regulations -- Flow chart to determine Regulation 4: dutyholder -- Legal issues arising and cases -- Competence of thise involved in inspection for, and in sampling, assessment and removal of asbestos -- Chart showing whether residential premises are likely to be classified as domestic or non-domestic for the purposes of Regulation 4 of the CAWR 2002.
520 ## - SUMMARY, ETC.
Summary, etc. Aims to give readers a balanced and pragmatic appreciation of the various issues surrounding asbestos, with particular regard to its use in buildings and structures. Includes guidance for surveyors working in specific areas of practice and outlines the responsibilities of dutyholders. Bibliography
520 ## - SUMMARY, ETC.
Summary, etc. Superseded by 2nd. edition (ISBN 9781842194508).
650 24 - SUBJECT ADDED ENTRY--TOPICAL TERM
Topical term or geographic name entry element CONTROL OF ASBESTOS AT WORK REGULATIONS 2002
651 #4 - SUBJECT ADDED ENTRY--GEOGRAPHIC NAME
Geographic name United Kingdom
690 ## - LOCAL SUBJECT ADDED ENTRY--TOPICAL TERM (OCLC, RLIN)
Topical term or geographic name as entry element MANAGEMENT-HEALTH AND SAFETY-HAZARDOUS SUBSTANCES-ASBESTOS
856 ## - ELECTRONIC LOCATION AND ACCESS
Uniform Resource Identifier <a href="https://www.isurv.com/downloads/file/3173/archive_asbestos_and_its_implications_for_members_and_their_clients_1st_edition_june_2003-2009">https://www.isurv.com/downloads/file/3173/archive_asbestos_and_its_implications_for_members_and_their_clients_1st_edition_june_2003-2009</a>
Public note Archived on isurv (subscription required)
942 ## - ADDED ENTRY ELEMENTS (KOHA)
Suppress in OPAC 0
Source of classification or shelving scheme Dewey Decimal Classification
Holdings
Withdrawn status Lost status Source of classification or shelving scheme Damaged status Not for loan Home library Current library Shelving location Date acquired Total Checkouts Full call number Barcode Date last seen Copy number Price effective from Koha item type Cost, normal purchase price Date last checked out Cost, replacement price
    Dewey Decimal Classification     London London Books 30/05/2003   RICS 2003/23 30067244 06/08/2019 2 06/08/2019 Reference material      
    Dewey Decimal Classification     London London Books 21/08/2003 16 RICS 2003/23 30067649 06/08/2019 9 06/08/2019 Book 18.00 29/05/2009 18.00
    Dewey Decimal Classification     London London RICS Boxes 27/04/2009   RICS 2003/23 30067245 06/08/2019 1 06/08/2019 Archive      
    Dewey Decimal Classification     Virtual London Online 26/07/2023   isurv   26/07/2023   26/07/2023 Online material